FNAF: The Musical (Night 2) - Statistics

General Stats
  • This quiz has been taken 44 times
  • The average score is 73 of 104
Answer Stats
Answer % Correct
...a
100%
a
100%
I
94%
Foxy!
89%
the
89%
and
83%
And
83%
five
83%
gun
83%
I'm
83%
nights!
83%
No
83%
surviving
83%
you
83%
You
83%
Come
78%
it
78%
just
78%
Just
78%
me:
78%
ME!"
78%
me,
78%
me
78%
more
78%
more.
78%
or
78%
three,
78%
be
72%
bite!
72%
'Cause
72%
fight!
72%
"IT'S
72%
these
72%
are
67%
blood
67%
bring
67%
Could
67%
door!
67%
fur...
67%
get
67%
halls
67%
Hey,
67%
light...
67%
of
67%
...of
67%
see.
67%
see...
67%
seems
67%
suffering...
67%
walls
67%
between
61%
bloody
61%
death?
61%
else
61%
foul...
61%
games...
61%
here
61%
I'll
61%
maze
61%
nothing
61%
Something
61%
this
61%
with
61%
Don't
56%
echoing...
56%
fright!
56%
play
56%
reeks
56%
reminding
56%
than
56%
You've
56%
all
50%
armed
50%
dreams,
50%
lost
50%
my
50%
phones.
50%
screens.
50%
your
50%
countless
39%
In
39%
scrawls
39%
We'll
39%
No matching quizzes found
Score Distribution
Percent of People with Each Score
Percentile by Number Answered
Your Score History
You have not taken this quiz